| 000 | 00861nam a2200229 i 4500 | ||
|---|---|---|---|
| 001 | 136438 | ||
| 003 | ES-MaACL | ||
| 005 | 20240516063047.0 | ||
| 007 | t| | ||
| 008 | 070214s1906 fr |||| | fre d | ||
| 100 | 0 |
_aRuskin, John, _d1819-1900 _9101026 |
|
| 245 | 1 | 4 |
_aLes matins à Florence : _bsimples études d'art chrétien / _cJohn Ruskin ; traduites de l'anglais par Eugénie Nypels ; annotées par Emile Cammaerts ; préface de M. Robert de la Sizeranne. |
| 260 |
_aParis : _bH. Laurens, _c1906. |
||
| 300 |
_aXXXII, 220 p., [12] p. de lám. : _bil. ; _c25 cm. |
||
| 650 | 4 |
_aSimbolismo cristiano. _917106 |
|
| 650 | 4 |
_aArte- _zFlorencia. _9154733 |
|
| 700 | 1 |
_aNypels, Eugénie. _986266 |
|
| 700 | 1 |
_aCammaerts, Emile. _934089 |
|
| 700 | 1 |
_aLa Sizeranne, Robert de. _969181 |
|
| 852 |
_aES-MaACL _jF-4803 |
||
| 999 |
_c136438 _d136438 |
||